La Seguridad en América Latina y Europa /

Gespeichert in:
Bibliographische Detailangaben
1. Verfasser: Carrión, Fernando
Format: Text
Schlagworte:
Tags: Tag hinzufügen
Keine Tags, Fügen Sie den ersten Tag hinzu!

MARC

LEADER 00000 a a2200000 04500
001 13186
003
040
100 |a Carrión, Fernando  
245 |a La Seguridad en América Latina y Europa /  |c Fernando Carrión 
650 |a VIOLENCIA  
650 |a SEGURIDAD CIUDADANA  
650 |a INMIGRANTES  
650 |a POLITICA SOCIAL  
650 |a ASPECTOS ECONOMICOS  
650 |a ASPECTOS SOCIALES  
650 |a CONTROL SOCIAL  
650 |a ELABORACION DE POLITICAS  
650 |a AMERICA LATINA  
650 |a EUROPA  
650 |a MUERTE  
650 |a VIOLENCIA  
650 |a DELITOS  
773 |g número 12 otoño; páginas 21-28  
999 |c 38397  |d 38397